[Event "Chessheroes Superhero Challenge 2022"]
[Site "Randburg"]
[Date "2022.01.06"]
[Round "6.3"]
[White "Lekgau, Mothupi"]
[Black "Hercules, Benjamin Vincent"]
[Result "0-1"]
[WhiteElo "1940"]
[BlackElo "2101"]
[Annotator "TA"]
[PlyCount "58"]
[EventDate "2022.01.05"]
[EventType "tourn"]
[EventCountry "RSA"]
[SourceTitle "playchess.com"]
[Source "ChessBase"]
[SourceQuality "1"]

{[%evp 13,58,18,29,18,17,15,35,17,29,17,31,18,16,0,45,0,54,54,54,47,45,47,52,44,52,53,54,43,50,51,51,41,70,52,66,49,55,-240,-246,-383,-383,-1264,-1253,-2279,-1092,-2279,-2171]} 1. e4 c5 2. Nf3 Nc6 3. Bb5 g6 4. Bxc6 dxc6 5. d3 Bg7 6. h3 e5 7. Be3 b6 8. a4 {[%cal Oa4a5] B31: Sicilian: 2...Nc6 3 Bb5 g6.} a5 9. Na3 Ne7 10. Qd2 {White is slightly better.} O-O 11. Bh6 {Black should prevent Bxg7.} f6 {[#]} 12. h4 $146 ({Predecessor:} 12. Bxg7 Kxg7 13. c3 Ra7 14. O-O Be6 15. d4 Rd7 16. Nc2 cxd4 17. cxd4 Bb3 18. Qc3 Bxc2 19. Qxc2 exd4 {0-1 (55) Perez Mitjans,O (2403)-Cori,J (2648) Vallfogona de Balague 2017}) 12... Bg4 13. Nc4 Nc8 (13... Bxf3 $11 14. gxf3 b5 15. Bxg7 Kxg7) 14. h5 (14. Bxg7 $14 Kxg7 15. h5 gxh5 16. Ng1) 14... g5 ({Better is} 14... Bxh6 $1 $11 15. Qxh6 g5) 15. Bxg7 $14 Kxg7 16. h6+ Kh8 17. Nh2 Be6 18. Ne3 Nd6 19. b3 Qd7 20. Nhf1 Rad8 21. Ng3 Rg8 22. Qc3 Ne8 23. Ne2 Nc7 24. O-O-O Bf7 25. f4 $2 {[%mdl 8192] [#] This move loses the game for White.} (25. Ng3 $14 {keeps the upper hand.}) 25... gxf4 $19 26. Nxf4 (26. Nf5 $142 Nd5 27. Qd2) 26... Qd4 27. Qe1 (27. Qxd4 cxd4 28. Nf5 exf4 29. Rdf1) 27... exf4 {Black is clearly winning.} 28. Nf5 Qa1+ 29. Kd2 Rxg2+ {Weighted Error Value: White=0.79/Black=0.12 (very precise)} 0-1

[Event "Chessheroes Superhero Challenge 2022"]
[Site "Randburg"]
[Date "2022.01.06"]
[Round "6.4"]
[White "Parodi, Alessandro"]
[Black "Mazibuko, Khanya"]
[Result "1-0"]
[WhiteElo "1997"]
[BlackElo "1940"]
[Annotator "ChessBase"]
[PlyCount "83"]
[EventDate "2022.01.05"]
[EventType "tourn"]
[EventCountry "RSA"]
[SourceTitle "playchess.com"]
[Source "ChessBase"]
[SourceQuality "1"]
[TimeControl "5400+30"]

1. Nf3 {[%emt 0:00:06]} Nf6 {[%emt 0:01:35]} 2. c4 {[%emt 0:00:29]} g6 {[%emt 0:00:07]} 3. Nc3 {[%emt 0:00:37]} d5 {[%emt 0:00:36]} 4. cxd5 {[%emt 0:01:56]} Nxd5 {[%emt 0:00:15]} 5. e4 {[%emt 0:00:02]} Nxc3 {[%emt 0:00:13]} 6. dxc3 {[%emt 0:00:30]} Qxd1+ {[%emt 0:00:02]} 7. Kxd1 {[%emt 0:00:01]} f6 {[%emt 0:00:01]} 8. Bc4 {[%emt 1:30:49]} e5 {[%emt 0:00:02]} 9. Be3 {[%emt 0:00:19]} Nd7 {[%emt 0:00:01]} 10. Nd2 {[%emt 0:04:28]} Bc5 {[%emt 0:02:00]} 11. Re1 {[%emt 0:00:08]} Ke7 {[%emt 0:02:28]} 12. Nf1 {[%emt 0:04:35]} Bb6 {[%emt 0:02:45]} 13. Kc2 {[%emt 0:01:11]} Nc5 {[%emt 0:00:36]} 14. b4 {[%emt 0:01:30]} Ne6 {[%emt 0:00:11]} 15. a4 {[%emt 0:00:39]} Nf4 {[%emt 1:27:08]} 16. a5 {[%emt 0:00:50]} Nxg2 {[%emt 0:01:56]} 17. axb6 {[%emt 0:00:10]} Nxe1+ {[%emt 0:00:22]} 18. Rxe1 {[%emt 0:00:13]} axb6 {[%emt 0:00:38]} 19. f4 {[%emt 0:03:14]} Be6 {[%emt 0:00:19]} 20. Bd5 {[%emt 0:02:55]} exf4 {[%emt 0:00:50]} 21. Bxf4 {[%emt 0:00:53]} c6 {[%emt 0:00:02]} 22. Nd2 {[%emt 0:02:10]} Ra6 {[%emt 0:07:30]} 23. Nc4 {[%emt 0:06:05]} Bd7 {[%emt 0:01:57]} 24. Bd6+ {[%emt 0:08:17]} Ke8 {[%emt 1:16:22]} 25. e5 {[%emt 0:05:45]} cxd5 {[%emt 0:03:07]} 26. exf6+ {[%emt 0:00:21]} Be6 {[%emt 0:01:16]} 27. Rxe6+ {[%emt 0:02:14]} Kf7 {[%emt 0:01:30]} 28. Re7+ {[%emt 0:00:53]} Kxf6 {[%emt 0:00:01]} 29. Ne3 {[%emt 0:00:36]} Ra2+ {[%emt 0:03:38]} 30. Kd3 {[%emt 0:02:05]} Rd8 {[%emt 0:03:11]} 31. Nxd5+ {[%emt 0:04:33]} Kg5 {[%emt 0:00:18]} 32. Re5+ {[%emt 0:02:03]} Kg4 {[%emt 0:01:49]} 33. Ne3+ {[%emt 0:02:28]} Kf3 {[%emt 0:01:41]} 34. Re6 {[%emt 0:00:16]} Rxd6+ {[%emt 0:08:09]} 35. Rxd6 {[%emt 0:00:08]} Kf4 {[%emt 0:00:02]} 36. Rxb6 {[%emt 0:00:49]} Rxh2 {[%emt 0:00:44]} 37. Rxb7 {[%emt 0:00:06]} h5 {[%emt 0:00:28]} 38. Rf7+ {[%emt 0:00:13]} Kg5 {[%emt 0:00:01]} 39. b5 {[%emt 0:00:43]} Rb2 {[%emt 0:00:02]} 40. c4 {[%emt 0:01:10]} Kh4 {[%emt 0:00:46]} 41. Kc3 {[%emt 0:01:09]} Rb1 {[%emt 0:00:04]} 42. Rf1 {[%emt 0:00:20]} 1-0

[Event "Chessheroes Superhero Challenge 2022"]
[Site "Randburg"]
[Date "2022.01.07"]
[Round "7.1"]
[White "February, Jesse Nikki"]
[Black "Parodi, Alessandro"]
[Result "0-1"]
[WhiteElo "1845"]
[BlackElo "1997"]
[Annotator "TA"]
[PlyCount "62"]
[EventDate "2022.01.05"]
[EventType "tourn"]
[EventCountry "RSA"]
[SourceTitle "playchess.com"]
[Source "ChessBase"]
[SourceQuality "1"]

{[%evp 11,62,8,0,-3,10,0,27,14,29,36,88,85,71,29,57,44,58,34,160,156,154,93,136,55,82,48,40,16,43,45,41,11,89,11,7,-112,-108,-93,-95,-320,-168,-150,-170,-1594,-1587,-6411,-1430,-29990,-29991,-29994,-29993,-29995,-29996]} 1. e4 c5 2. Nf3 d6 3. d4 cxd4 4. Nxd4 Nf6 5. Nc3 a6 6. a4 Nc6 7. h3 {[#] B90: Sicilian Najdorf: Unusual White 6th moves, 6 Be3 Ng4 and 6 Be3 e5.} h6 $146 ({Predecessor:} 7... g6 8. Be3 Bg7 9. g3 O-O 10. Bg2 Bd7 11. O-O Ne5 12. g4 Rc8 13. Nde2 b5 {1-0 (42) Vachier Lagrave,M (2766)-Dragnev,V (2548) Terme Catez 2021}) 8. Be3 {[%cal Oa4a5]} Bd7 9. g4 {White has an edge.} e5 10. Nde2 {[%cal Bd4e2,Be2g3,Bg3h5][%mdl 32]} b5 (10... Rc8 $14) 11. axb5 $16 axb5 12. Bg2 (12. Rxa8 $16 Qxa8 13. Ng3) 12... Nb4 {White must now prevent ...Rxa1.} 13. Rxa8 Qxa8 14. O-O Bc6 ({Black should play} 14... Be7 $14) 15. Ng3 d5 16. exd5 ({White should try} 16. Nf5) 16... Nfxd5 (16... Nbxd5 $142 17. Nxd5 Bxd5 18. Bxd5 Qxd5) 17. Bxd5 (17. Qe2 $16 Nxc3 18. bxc3) 17... Nxd5 $14 18. Nxd5 Bxd5 19. Re1 Be6 20. Nh5 Qc6 $1 21. Qd2 Rg8 {[#]} (21... Bc8 $11) 22. Bxh6 $1 f6 $11 {[#]} 23. Rd1 Kf7 $17 {[%mdl 1024] Hoping for ...Qf3. Black has strong compensation.} 24. Be3 Be7 {And now ...Qf3 would win.} 25. f4 $2 (25. Ra1 $17) 25... Qf3 (25... g6 $142 26. Nxf6 Rd8) 26. f5 $19 Bc4 {Threatens to win with ...Rd8.} 27. b3 $2 {[#]} ({Don't go for} 27. Kh2 $2 Rd8 28. Qg2 Qxd1 $19) (27. Re1) 27... Rd8 $1 28. Qxd8 (28. Ba7 Rxd2) 28... Bxd8 (28... Qxe3+ $142 29. Kg2 Bxd8 30. Rd7+ Ke8 31. Rxd8+ Kxd8 32. bxc4 Qd2+ 33. Kg3 bxc4) 29. Rxd8 Qxe3+ {Black mates.} 30. Kh2 Qf2+ 31. Kh1 Bf1 {Quite a comeback for Black.  Weighted Error Value: White=1.00/Black=0.62} 0-1

[Event "Chessheroes Superhero Challenge 2022"]
[Site "Randburg"]
[Date "2022.01.07"]
[Round "7.2"]
[White "Mazibuko, Khanya"]
[Black "Klaver, Cornelis"]
[Result "0-1"]
[WhiteElo "1940"]
[BlackElo "2050"]
[Annotator "TA"]
[PlyCount "107"]
[EventDate "2022.01.05"]
[EventType "tourn"]
[EventCountry "RSA"]
[SourceTitle "playchess.com"]
[Source "ChessBase"]
[SourceQuality "1"]

{[%evp 19,107,7,20,15,18,-15,-37,-111,-120,-112,-111,-139,-133,-112,-111,-118,-114,-119,-131,-124,-93,-96,-100,-107,-88,-91,-91,-88,-87,-99,-84,-81,-80,-94,-91,-95,-67,-70,-70,-80,-62,-87,-83,-87,-80,-88,-88,-89,-87,-86,-82,-129,-76,-75,-67,-67,-67,-82,-67,-67,-67,-67,-62,-62,-60,-75,-34,-34,-9,-10,-10,-20,-20,-20,-20,-20,-20,-29973,-29974,-29974,-29975,-29975,-29976,-29976,-29977,-29972,-29974,-29982,-29983,-29983]} 1. d4 Nf6 2. c4 g6 3. Nc3 d5 4. Nf3 Bg7 5. Qb3 dxc4 6. Qxc4 O-O 7. e4 a6 {[%cal Ba7a6,Ba6a5,Ba5b4,Bb4b3][%mdl 32]} 8. Be2 b5 9. Qb3 c5 10. dxc5 Be6 $1 {10...Be6 is better than 10...Bb7.} 11. Qc2 {D97: Grünfeld: Russian System: 7 e4, replies other than 7...Bg4.} Nbd7 12. b4 {Strongly threatening Bb2.} a5 {[#]} ({Don't play} 12... Nxe4 13. Bb2 Nxc3 14. Bxc3 $14) 13. Bb2 $146 ({Not} 13. Bxb5 $2 axb4 14. e5 Ng4 15. Bxd7 Qxd7 $19) (13. Rb1 $1 $15 axb4 14. Rxb4) ({Predecessor:} 13. Rb1 axb4 14. Rxb4 Nxc5 15. O-O Qc8 16. Nd4 Ncxe4 17. Nxe4 Qxc2 18. Nxc2 Nxe4 19. Rxe4 Bf5 20. Rxe7 Bxc2 21. Bxb5 Rxa2 22. Re2 Bb3 23. Rxa2 Bxa2 {½-½ (23) Mamedyarov,S (2763)-Svidler,P (2735) Astrakhan 2010}) 13... axb4 $17 14. Nxb5 Rxa2 {[%mdl 64] [#] Remove Defender} 15. Rxa2 b3 16. Qc1 bxa2 17. O-O Nxe4 18. Bxg7 Kxg7 19. c6 Ndc5 20. Nfd4 Qb6 {aiming for ...Ra8.} 21. Qa1 f6 22. Nxe6+ Nxe6 23. Qxa2 Qxc6 {Hoping for ...Nf4.} 24. Qa7 Qc5 (24... Nd2 {feels hotter.} 25. Qxe7+ Kg8 26. Bf3 Nxf3+ 27. gxf3 Ng5) 25. Qxc5 N4xc5 26. Rc1 Nb3 27. Rd1 Rd8 {To avoid Rd7} 28. Rxd8 Nxd8 $15 {[%mdl 4096] Endgame KBN-KNN} 29. Bc4 Nc5 30. f3 Ndb7 31. Nc3 Nd6 32. Be2 f5 33. Kf2 e6 34. Ke3 Kf6 35. h4 (35. g3 $142) 35... h6 (35... e5 $142 36. g4 f4+ 37. Kf2 Ke6) 36. g3 $17 g5 37. hxg5+ $1 hxg5 38. Bf1 Nd7 39. Bd3 Ne5 40. Be2 Ng6 41. Bd3 Ke5 42. Ne2 f4+ (42... Ne7 $17) 43. Kf2 $15 fxg3+ 44. Kxg3 Nf4 45. Nxf4 gxf4+ $11 {KB-KN} 46. Kg4 Kd4 47. Bg6 Ke3 {( -> ...Nc4)} 48. Kg5 $2 {[%mdl 8192] [#] Now White is beyond hope.} (48. Bc2 $11) 48... Kxf3 {Black mates.} 49. Kf6 Ke3 50. Bh5 Nf5 51. Bg4 Nd4 52. Ke5 f3 53. Bxf3 Kxf3 ({Stronger than} 53... Nxf3+ 54. Kxe6 $11) 54. Kxd4 {Weighted Error Value: White=0.25 (precise) /Black=0.08 (flawless)} 0-1

[Event "Chessheroes Superhero Challenge 2022"]
[Site "Randburg"]
[Date "2022.01.07"]
[Round "7.3"]
[White "Hercules, Benjamin Vincent"]
[Black "Du Plessis, Heinco"]
[Result "1/2-1/2"]
[WhiteElo "2101"]
[BlackElo "2003"]
[Annotator "TA"]
[PlyCount "100"]
[EventDate "2022.01.05"]
[EventType "tourn"]
[EventCountry "RSA"]
[SourceTitle "playchess.com"]
[Source "ChessBase"]
[SourceQuality "1"]

{[%evp 13,100,0,0,-21,-17,-26,-36,-31,-18,-26,-22,-57,-24,-21,-8,-60,-58,-56,-56,-63,-46,-41,-35,-44,-29,-43,-38,-37,-36,-37,-29,-31,-9,-37,-44,-43,-20,-25,0,0,35,0,0,0,6,0,17,0,37,-36,0,0,0,0,0,-27,-39,-106,-99,-90,-39,-122,-120,-311,-320,-300,-283,-307,-41,-37,-22,-38,-8,-7,0,0,0,0,0,0,0,0,0,0,0,0,0,0,8]} 1. e4 c5 2. Nc3 Nc6 3. d3 g6 4. Be3 d6 5. d4 cxd4 6. Bxd4 Nxd4 7. Qxd4 Nf6 8. e5 {B23: Closed Sicilian: Lines without g3.} dxe5 9. Bb5+ Bd7 10. Qxe5 {[#] Black must now prevent 0-0-0. Black is slightly better.} a6 11. Bxd7+ Qxd7 12. Rd1 Qf5 (12... Qg4 {looks sharper.} 13. Kf1 Bg7 14. Nge2 Nh5 15. Qe3 O-O) 13. Qxf5 gxf5 14. Nf3 {[#]} (14. Nd5 $11 Nxd5 15. Rxd5) 14... Rc8 $146 ({Predecessor:} 14... e6 15. O-O Bc5 16. h3 Ke7 17. Rd3 Rhg8 18. Rfd1 Rg7 19. Ne1 Rag8 20. Kf1 h5 {0-1 (68) Niedenthal,R (1861)-Barisch,F (1943) Hofheim 2014}) 15. Nd4 e6 16. O-O Bg7 17. Nce2 {[%cal Bc3e2,Be2c1,Bc1b3,Bb3a5,Ba5c4][%mdl 32]} O-O 18. c3 b5 19. Nc1 Rfd8 20. Ncb3 Ne4 21. f3 Nd6 22. Na5 {And now Ndc6 would win.} Re8 {[%cal Ob5b4]} (22... Nc4 {is interesting.} 23. Ndc6 Re8 24. Rf2 Bf8 25. Re2 Bc5+) 23. Ndc6 {Pair of Knights!} Nc4 24. Nxc4 Rxc6 25. Na5 Rb6 26. a3 e5 {[%cal Be6e5,Be5e4][%mdl 32]} 27. Rd7 Bf8 28. Rfd1 e4 29. Rd8 Ree6 30. Kf2 Kg7 31. f4 (31. Nb3 $14) 31... Bc5+ 32. Ke2 Rg6 33. g3 Rh6 34. Rh1 Rbg6 35. Nb3 (35. Nb7 $15 Bb6 36. Rd5) 35... Bb6 $17 36. Rdd1 Rh3 ({Black should try} 36... Kf8 $17 37. Nd4 Bxd4 38. cxd4 Rc6) 37. Nd2 (37. Nd4 $15) 37... Rd6 38. Nf1 $2 (38. Kf1 $17 {was necessary.}) 38... Rxd1 $19 39. Kxd1 {[%mdl 4096] Endgame KRB-KRN} Kg6 40. Ke2 {[#]} Kh5 $2 (40... h5 $1 $19 {Threatens to win with ...h4.} 41. Nd2 h4) 41. b3 $15 Kg4 {Strongly threatening ...h5.} 42. c4 bxc4 43. bxc4 {The position is equal.} Bc5 44. Ne3+ Bxe3 45. Kxe3 $11 {KR-KR} Rh6 46. c5 Rc6 $1 47. Rc1 Kh3 48. Rc2 Kg4 49. Kd4 {Hoping for Rc3.} Kf3 50. Rc3+ Kf2 {Weighted Error Value: White=0.21 (precise) /Black=0.21 (precise)} 1/2-1/2

[Event "Chessheroes Superhero Challenge 2022"]
[Site "Randburg"]
[Date "2022.01.07"]
[Round "7.4"]
[White "Mabusela, Johannes Manyedi"]
[Black "Lekgau, Mothupi"]
[Result "1-0"]
[WhiteElo "2216"]
[BlackElo "1940"]
[Annotator "TA"]
[PlyCount "85"]
[EventDate "2022.01.05"]
[EventType "tourn"]
[EventCountry "RSA"]
[SourceTitle "playchess.com"]
[Source "ChessBase"]
[SourceQuality "1"]

{[%evp 9,85,-31,-34,-41,-30,-29,-36,-47,-49,-54,-48,-54,-52,-88,-89,-93,-37,-41,-33,-31,-23,-20,-35,-25,-25,-37,0,0,0,0,0,-68,-66,-63,-24,-60,-5,0,51,-68,-53,-113,-113,-163,37,33,37,33,32,45,47,45,47,30,31,34,18,33,41,30,50,54,87,76,85,35,140,141,142,75,79,79,385,383,485,481,591,586]} 1. e4 e6 2. Nf3 d5 {[%cal Bd7d5,Bd5d4][%mdl 32]} 3. Nc3 d4 4. Ne2 c5 5. d3 Nc6 6. g3 {C00: French: Unusual White 2nd moves.} e5 7. Bg2 Bd6 8. Nd2 {Black is slightly better.} h5 9. h4 {[#]} Be6 $146 ({Predecessor:} 9... Bg4 10. O-O Qd7 11. Nc4 Bc7 12. a4 O-O-O 13. a5 f6 14. f3 Be6 15. f4 Nh6 {0-1 (48) Kharitonov,A (2260)-Zhelnin,V (2489) Kaluga 2000}) 10. Nc4 Bc7 11. Ng1 b5 12. Nd2 c4 ({Black should play} 12... Nf6 $17) 13. Bh3 $15 Qe7 14. dxc4 bxc4 15. c3 Nf6 {...Ng4 is the strong threat.} 16. Qa4 {[%csl LRc4,LRc6]} Qd7 17. Bxe6 Qxe6 18. Ngf3 O-O 19. Ng5 Qd7 20. Qxc4 (20. Nxc4 $11 Na5 21. Qxd7 Nxd7 22. Nxa5 Bxa5 23. b4) 20... Rac8 21. O-O Bb6 {[%mdl 1024] Threatens to win with ...dxc3. Black has compensation.} 22. Qe2 Ng4 (22... dxc3 $1 $15 23. bxc3 Na5) 23. Nc4 $11 Bc5 (23... f6 $11 24. Nf3 (24. Nxb6 axb6 25. Nf3 d3 $11) 24... d3) 24. Qd3 (24. Kg2 $14) 24... f6 25. Nf3 {[#]} (25. Nh3 $1 $15) 25... Rfd8 $1 $17 26. b4 {[#]} (26. cxd4 $17 {might work better.} Nxd4 27. Nxd4 Qxd4 28. Qxd4 Rxd4 29. Ne3) 26... Bf8 $2 (26... dxc3 $1 $19 27. Qxd7 Bxf2+ 28. Rxf2 Rxd7) 27. b5 $36 {[%mdl 2048] White has good play.} Ne7 28. cxd4 Qxb5 {[#]} 29. Ncxe5 Qa4 {aiming for ...Nxe5.} 30. Nxg4 hxg4 31. Nh2 {And now Be3 would win.} Rxd4 32. Qb3+ Qxb3 33. axb3 Rxe4 34. Rxa7 Nf5 {[%cal Of5g3]} 35. Ra4 Bb4 {[#]} 36. Bd2 $1 {Prevents Rc3.} Rb8 37. Bf4 (37. Rfa1 $16) 37... Rxf4 38. gxf4 $16 g3 39. fxg3 ({White should try} 39. Ng4) 39... Bc5+ {[%mdl 64] Discovered Attack} 40. Kg2 {Black must now prevent Rb1.} Rxb3 {[%mdl 8192]} (40... Ne3+ $16 41. Kh3 Nxf1) 41. Rf3 $18 Rxf3 42. Nxf3 ({Resist} 42. Kxf3 g6 43. Rc4 Bg1 $18) 42... Bd6 43. Nd4 {Weighted Error Value: White=0.18 (very precise) /Black=0.43} 1-0